Statistics for Official Names of European Countries

Click here to take the quiz!

General Stats

  • This quiz has been taken 27 times
    (10 since last reset)
  • The average score is 26 of 45

Answer Stats

Country Official Name % Correct
NetherlandsKingdom of the Netherlands
75%
FranceFrench Republic
75%
PolandRepublic of Poland
75%
RussiaRussian Federation
75%
SerbiaRepublic of Serbia
75%
ItalyItalian Republic
75%
IrelandIreland
75%
IcelandIceland
75%
GreeceHellenic Republic
75%
GermanyFederal Republic of Germany
75%
DenmarkKingdom of Denmark
75%
CzechiaCzech Republic
75%
United KingdomUnited Kingdom of Great Britain and Northern Ireland
75%
SwedenKingdom of Sweden
75%
BulgariaRepublic of Bulgaria
75%
BelgiumKingdom of Belgium
75%
SpainKingdom of Spain
50%
RomaniaRomania
50%
NorwayKingdom of Norway
50%
PortugalPortuguese Republic
50%
SwitzerlandSwiss Confederation
50%
UkraineUkraine
50%
San MarinoRepublic of San Marino
50%
SloveniaRepublic of Slovenia
50%
SlovakiaSlovak Republic
50%
MontenegroMontenegro
50%
AlbaniaRepublic of Albania
50%
LithuaniaRepublic of Lithuania
50%
Vatican CityVatican City State
50%
HungaryHungary
50%
AustriaRepublic of Austria
50%
BelarusRepublic of Belarus
50%
Bosnia & HerzegovinaBosnia and Herzegovina
50%
CroatiaRepublic of Croatia
50%
EstoniaRepublic of Estonia
50%
FinlandRepublic of Finland
50%
KosovoRepublic of Kosovo
50%
MoldovaRepublic of Moldova
50%
LatviaRepublic of Latvia
50%
LiechtensteinPrincipality of Liechtenstein
50%
AndorraPrincipality of Andorra
50%
LuxembourgGrand Duchy of Luxembourg
50%
MacedoniaRepublic of Macedonia
50%
MaltaRepublic of Malta
50%
MonacoPrincipality of Monaco
25%

Score Distribution

Percentile by Number Answered

Percent of People with Each Score

Your Score History

You have not taken this quiz since the last reset